书目信息 |
| 题名: |
文化多棱镜
|
|
| 作者: | 孟黎 著 | |
| 分册: | ||
| 出版信息: | 北京 线装书局 2012 |
|
| 页数: | 296页 | |
| 开本: | 24cm | |
| 丛书名: | 大传播丛书 | |
| 单 册: | ||
| 中图分类: | G122-53 | |
| 科图分类: | ||
| 主题词: | 文化--中国--文集 | |
| 电子资源: | ||
| ISBN: | 978-7-5120-0395-8 | |
| 000 | 00814oam2 2200253 450 | |
| 001 | 338111 | |
| 005 | 20150601164655.14 | |
| 010 | @a978-7-5120-0395-8@dCNY45.00 | |
| 100 | @a20121121d2012 em y0chiy50 ea | |
| 101 | 0 | @achi |
| 102 | @aCN@b110000 | |
| 105 | @ay z 000yy | |
| 106 | @ar | |
| 200 | 1 | @a文化多棱镜@Awen hua duo leng jing@f孟黎著 |
| 210 | @a北京@c线装书局@d2012 | |
| 215 | @a296页@d24cm | |
| 225 | 2 | @a大传播丛书@h第一辑 |
| 330 | @a本书为多角度研究中国文化, 收录了几十篇相关文章, 具体包括: 《把脉<百家讲坛>》、《京城建筑: 时代的文化象征》、《镜里乾坤大, 屏上日月长》、《杨德昌: 直面灵魂深处的导演》等。 | |
| 410 | 0 | @12001 @a大传播丛书 |
| 606 | 0 | @a文化@y中国@j文集 |
| 690 | @aG122-53@v5 | |
| 701 | 0 | @a孟黎@Ameng li@4著 |
| 801 | 0 | @aCN@b卓展宏图@c20150525 |
| 905 | @dG122-53@e151@f4 | |
| 文化多棱镜/孟黎著.-北京:线装书局,2012 |
| 296页;24cm.-(大传播丛书.第一辑) |
| ISBN 978-7-5120-0395-8:CNY45.00 |
| 本书为多角度研究中国文化, 收录了几十篇相关文章, 具体包括: 《把脉<百家讲坛>》、《京城建筑: 时代的文化象征》、《镜里乾坤大, 屏上日月长》、《杨德昌: 直面灵魂深处的导演》等。 |
| ● |
| 相关链接 |
|
|
|
|
正题名:文化多棱镜
索取号:G122-53/151
 
预约/预借
| 序号 | 登录号 | 条形码 | 馆藏地/架位号 | 状态 | 备注 |
| 1 | 857399 | 208573998 | 第一样本阅览室/ [索取号:G122-53/151] | 在馆 | |
| 2 | 857400 | 208574005 | 第四借阅区/ [索取号:G122-53/151] | 在馆 | |
| 3 | 857401 | 208574014 | 第四借阅区/ [索取号:G122-53/151] | 在馆 | |
| 4 | 857402 | 208574023 | 第四借阅区/ [索取号:G122-53/151] | 在馆 |